000 00590cam a2200205 4500500
005 20260329004712.0
041 _afre
042 _adc
100 1 0 _aEnjalbert, Cédric
_eauthor
245 0 0 _aRenaissance de la tragédie
260 _c2020.
500 _a100
690 _aCovid-19
690 _aGrèce
690 _aJean Racine
690 _aPolitique
690 _aTragédie
786 0 _nPhilosophie magazine | 144 | 11 | 2020-11-01 | p. 92-93 | 1951-1787
856 4 1 _uhttps://shs.cairn.info/magazine-philosophie-magazine-2020-11-page-92?lang=fr&redirect-ssocas=7080
999 _c1836410
_d1836410